Как крошатся горы?; Природа; № 3

Bibliographic Details
Parent link:Природа: естественно-научный журнал/ Российская Академия наук.— , 1912-.— 0032-874X
№ 3.— 2003.— с. 78-79
Language:Russian
Published: 2003
Series:Новости науки
Subjects:
Format: Book Chapter
KOHA link:https://koha.lib.tpu.ru/cgi-bin/koha/opac-detail.pl?biblionumber=385255

MARC

LEADER 00000naa2a2200000 4500
001 385255
005 20231101063339.0
035 |a (RuTPU)RU\TPU\prd\12941 
090 |a 385255 
100 |a 20030422a2003 k y0rusy50 ca 
101 0 |a rus 
102 |a RU 
200 1 |a Как крошатся горы? 
225 1 |a Новости науки 
461 1 |0 (RuTPU)RU\TPU\prd\304  |x 0032-874X  |t Природа  |o естественно-научный журнал  |f Российская Академия наук  |d 1912- 
463 1 |0 (RuTPU)RU\TPU\prd\72968  |t № 3  |v с. 78-79  |d 2003 
610 1 |a горы 
610 1 |a геология 
610 1 |a возраст горной породы 
610 1 |a разрушение 
801 1 |a RU  |b 63413507  |c 20030422  |g PSBO 
801 2 |a RU  |b 63413507  |c 20100119  |g RCR 
942 |c BK